000 00962nas a2200325 4500
001 BR0400820
003 BR-BrBNA
005 20231205104405.0
007 ta
008 230509b bl.|||p| |||| 00| 00por d
040 _aBR-BrBNA
_bpor
_cBiblioteca Nacional de Agricultura
041 _a(Pt)
072 _aP10
100 1 _aLudovice, M.T.F.
100 1 _aRoston, D.M.
100 1 _aTeixeira Filho, J.
245 1 _aEfeito da faixa-filtro na retenção de atrazina em escoamento superficial
650 _aMILHO
650 _aCAPIM BRACHIARIA
650 _aATRAZINA
650 _aINFILTRAÇÃO
650 _aESCOAMENTO
650 _aFILTRO
650 _aPRECIPITAÇÃO PLUVIAL
650 _aSIMULAÇÃO
650 _aSÃO PAULO
773 0 _tRevista Brasileira de Engenharia Agrícola e Ambiental (Brazil)
_xISSN 1415-4366
_g(May-Aug 2003), v. 7(2) p. 323-328
_wBR0400820
909 _a202311
_bLúcia
_c55
_dLúcia Elande
942 _2AGRIS
_n0
_cANA
999 _c177912
_d177912